Statystyki dla Największe Państwa na Świecie

Kliknij tutaj aby rozwiązać quiz!

Ogólne statystyki

  • Ten quiz został rozwiązany 68 razy
  • Średni wynik to 12 z 15

Statystyki odpowiedzi

PowierzchniaKraj% Poprawnych
9 596 960Chiny
100%
17 098 242Rosja
100%
9 525 067Stany Zjednoczone
100%
9 984 670Kanada
98%
8 515 767Brazylia
95%
7 682 300Australia
88%
2 780 400Argentyna
86%
3 287 263Indie
84%
2 724 900Kazachstan
83%
1 964 375Meksyk
83%
2 381 741Algieria
67%
2 344 858Demokratyczna Republika Konga
66%
1 904 569Indonezja
64%
2 149 690Arabia Saudyjska
53%
2 166 086Grenlandia
28%

Rozkład punktacji

Percentyl według liczby udzielonych odpowiedzi

Procent ludzi z każdym wynikiem

Twoja historia wyników

Nie rozwiązałeś tego quizu